000 00954nam a2200265 i 4500
001 8242
003 KOSZ 005
005 20201103101914.0
008 080201s1964 pl a f 000 0 pol
015 _aPB 1964/2389
040 _aWA N
_cKOSZ 005/RW
_dKOSZ 005/RW
080 _a621.3
100 1 _aKuźma, Eugeniusz
_eAutor
245 1 0 _aTermistory :
_bparametry i charakterystyki /
_cEugeniusz Kuźma ; Instytut Podstawowych Problemów Techniki Polskiej Akademii Nauk.
260 _aWarszawa :
_bPaństwowe Wydawnictwo Naukowe,
_c1964.
300 _a114, [1] s. :
_bil. ;
_c25 cm.
380 _aKsiążki.
490 1 _aBiblioteka Elektroniki.
504 _aBibliogr. s. 114-[115].
650 4 _aTermistor.
710 2 _aPaństwowe Wydawnictwo Naukowe
_4pbl.
856 _uhttp://koha.tu.koszalin.pl/cgi-bin/koha/opac-detail.pl?biblionumber=8242
_yKatalog online BPK
830 0 _aBiblioteka Elektroniki
942 _2UKD
_cKS
999 _c8242
_d8242